000 00958nam a2200229 i 4500
001 114878
003 ES-MaACL
007 t|
008 070206s1923 sp ||||1| spa d
080 _a929:359
080 _a359:929
100 1 _aPulido Rubio, José.
_994379
245 1 3 _aEl piloto mayor de la Casa de la Contratación de Sevilla
_b: pilotos mayores del siglo XVI: (datos biográficos) /
_cpor José Pulido Rubio.
260 _aSevilla :
_b[s.n.],
_c1923 (
_eTip. Zarzuela)
300 _aVIII, 299 p. ;
_c24 cm.
490 1 _aPublicaciones del Centro Oficial de Estudios Americanistas de Sevilla . Biblioteca colonial americana ;
_vv. 10
610 2 7 _aCasa de Contratación (España)-
_yS.XVI.
_92465
650 1 4 _aNavegacion-
_zEspaña-
_vHistoria.
_915499
830 0 _aPublicaciones del Centro Oficial de Estudios Americanistas de Sevilla . Biblioteca colonial americana ;
_vv. 10
_9185793
852 _aES-MaACL
_jE-4444
999 _c114878
_d114878